Conversaciones y recuerdos del R.P. Dominique Pire / (Record no. 149300)

MARC details
000 -LEADER
campo de control de longitud fija 00724nam a2200229 i 4500
001 - NÚMERO DE CONTROL
campo de control 149300
003 - IDENTIFICADOR DE NÚMERO DE CONTROL
campo de control ES-MaACL
005 - FECHA Y HORA DE LA ÚLTIMA TRANSACCIÓN
campo de control 20230906203031.0
007 - CAMPO FIJO DE DESCRIPCIÓN FÍSICA--INFORMACIÓN GENERAL
campo de control de longitud fija t|
008 - DATOS DE LONGITUD FIJA--INFORMACIÓN GENERAL
campo de control de longitud fija 071019s1961 sp ||||1| spa d
100 1# - ENTRADA PRINCIPAL--NOMBRE DE PERSONA
Nombre de persona Pire, Dominique.
9 (RLIN) 92341
245 10 - MENCIÓN DEL TÍTULO
Título Conversaciones y recuerdos del R.P. Dominique Pire /
Mención de responsabilidad, etc. Hughes Vehenne ; traducción del francés por Amando Lázaro Ros.
260 ## - PUBLICACIÓN, DISTRIBUCIÓN, ETC.
Lugar de publicación, distribución, etc. Madrid :
Nombre del editor, distribuidor, etc. Aguilar,
Fecha de publicación, distribución, etc. 1961.
300 ## - DESCRIPCIÓN FÍSICA
Extensión 244 p., 5 lám. ;
Dimensiones 20 cm.
490 1# - MENCIÓN DE SERIE
Mención de serie Colección literaria
600 14 - PUNTO DE ACCESO ADICIONAL DE MATERIA--NOMBRE DE PERSONA
Nombre de persona Pire, Dominique.
9 (RLIN) 92341
700 1# - ENTRADA AGREGADA--NOMBRE PERSONAL
Nombre de persona Vehenne, Hughes.
9 (RLIN) 113655
700 1# - ENTRADA AGREGADA--NOMBRE PERSONAL
Nombre de persona Lázaro Ros, Amando.
9 (RLIN) 70807
830 1# - PUNTO DE ACCESO ADICIONAL DE SERIE-TÍTULO UNIFORME
Título uniforme Colección literaria
9 (RLIN) 179831
852 ## - LOCALIZACIÓN
Ubicación ES-MaACL
Número de control de estantería F-8698
Holdings
Estatus retirado Estado de pérdida Estado de daño No para préstamo Biblioteca de origen Biblioteca actual Ubicación en estantería Fecha de adquisición Fuente de adquisición Total de préstamos Signatura topográfica completa Código de barras Visto por última vez Precio de reemplazo Tipo de ítem Koha
        Biblioteca del Ateneo de Madrid Biblioteca del Ateneo de Madrid Sala Pecera Planta 2 17/01/2008     F-8698 1155797 23/02/2023 23/02/2023 Libro impreso